Misty of Chincoteague / (Record no. 5537)

MARC details
000 -LEADER
fixed length control field 01002nam a22002897a 4500
001 - CONTROL NUMBER
control field 5537
003 - CONTROL NUMBER IDENTIFIER
control field FISKH
005 - DATE AND TIME OF LATEST TRANSACTION
control field 20241218094649.0
008 - FIXED-LENGTH DATA ELEMENTS--GENERAL INFORMATION
fixed length control field 241217b cb ||||| |||| 00| 0 eng d
040 ## - CATALOGING SOURCE
Original cataloging agency FISKH
Language of cataloging eng
Transcribing agency FISKH
Modifying agency FISKH
050 ## - LIBRARY OF CONGRESS CALL NUMBER
Classification number PZ10.H43
082 ## - DEWEY DECIMAL CLASSIFICATION NUMBER
Classification number 813.54
100 ## - MAIN ENTRY--PERSONAL NAME
Personal name Henry,Marguerite
245 ## - TITLE STATEMENT
Title Misty of Chincoteague /
Statement of responsibility, etc. by Marguerite Henry : Illustrated by Wesley Dennis
250 ## - EDITION STATEMENT
Edition statement First paperback printing, 1970
260 ## - PUBLICATION, DISTRIBUTION, ETC.
Place of publication, distribution, etc. New York :
Name of publisher, distributor, etc. Rand McNally & Company ;
Date of publication, distribution, etc. 1947 .
300 ## - PHYSICAL DESCRIPTION
Extent 173 pages :
Other physical details illustrations, maps ;
Dimensions 24 cm .
490 ## - SERIES STATEMENT
Series statement Misty of Chincoteague
505 ## - FORMATTED CONTENTS NOTE
Formatted contents note S <br/>
520 ## - SUMMARY, ETC.
Summary, etc. Two youngsters' determination to own a Chincoteague pony is greatly increased when the Phantom and her colt are among those rounded up for the yearly auction.
521 8# - TARGET AUDIENCE NOTE
Target audience note 790 <br/>
Source Lexile estimate <br/>
521 8# - TARGET AUDIENCE NOTE
Target audience note S <br/>
Source Raz-Plus <br/>
650 ## - SUBJECT ADDED ENTRY--TOPICAL TERM
Topical term or geographic name entry element horse stories
Form subdivision Fiction
700 ## - ADDED ENTRY--PERSONAL NAME
Personal name Dennis, Wesley
Relator term illustrator
942 ## - ADDED ENTRY ELEMENTS (KOHA)
Source of classification or shelving scheme Dewey Decimal Classification
Koha item type Books
Suppress in OPAC No
Holdings
Withdrawn status Lost status Source of classification or shelving scheme Damaged status Not for loan Collection Home library Current library Shelving location Date acquired Total Checkouts Full call number Barcode Date last seen Price effective from Koha item type
    Dewey Decimal Classification     Fiction Footprints International School Library Network Toul Kork Campus Footprints International School Library Network Toul Kork Campus TTP Secondary Fiction Bookshelves 12/17/2024   HEN 813.54 PZ10.H43 FIS00338 12/17/2024 12/17/2024 Books